| 000 | 00507nam a2200193 a 4500 | ||
|---|---|---|---|
| 001 | 17366 | ||
| 003 | CO-ViMGA | ||
| 008 | 141112s2004 ck r 000 u spa d | ||
| 020 | _a844802009X | ||
| 040 |
_aCO-ViMGA _bspa _cCO-ViMGA |
||
| 082 | 0 | 4 | _aTHRr |
| 100 | 1 |
_aThraves, Stephen _924685 |
|
| 245 | 1 | 0 | _aReportaje en el lago Ness |
| 260 |
_aBarcelona (EspaƱa), _cTimun Mas, _c1994 |
||
| 300 | _a126.p. | ||
| 650 | 1 | 4 |
_aCUENTOS DE TERROR _91077 |
| 650 | 1 | 4 |
_aCUENTOS ESTADOUNIDENSES _92727 |
| 942 |
_2ddc _cBK |
||
| 999 |
_c26917 _d26917 |
||